Dítě, jesle, rodina

Bibliographic Details
Main Authors: Stolaříková, Dagmar (Author), Vrtalová, Olga (Author)
Format: Article
Language:Slovak
Czech
PhysicalDescription:Obr. 2.
Subjects:

MARC

LEADER 00000nab a2200000 a 4500
001 vtls000178590
003 SK-MaSNL
005 20260304171330.0
008 250422c19831984xo 0 slo
015 |a SNBRB19rr/mm-uuuuu 
035 |a CL0188703 
035 |a urn:nbn:sk:snk-abbdcy 
035 |a (urnnbn)urn:nbn:sk:snk:ar-00304s 
035 |a (uuid)8e4d18bf-25ae-454e-bd29-c4a5506249e0 
040 |a SNKBUCL  |b slo  |c SNKBUCL  |e AACR2 
041 0 |a cze 
044 |a xo  |c SK 
080 |a 373.22:159.922:37.018.1  |2 1981 
080 |a 159.922  |2 1981 
080 |a 37.018.1  |2 1981 
100 1 |a Stolaříková, Dagmar  |4 aut  |9 1115720 
245 1 0 |a Dítě, jesle, rodina  |c Dagmar Stolaříková, Olga Vrtalová 
300 |b Obr. 2. 
650 0 7 |a detské jasle  |2 snkbucl  |9 50070 
650 0 7 |a deti  |2 snkbucl  |9 773 
650 0 7 |a rodina  |2 snkbucl  |9 4138 
655 7 |a články z novín a časopisov  |2 snkbucl  |9 267496 
700 1 |a Vrtalová, Olga  |4 aut  |9 1357290 
773 0 |t Predškolská výchova  |g Roč. 38, č. 6 (1983/1984), s. 7-9 
850 |a Slovenská národná knižnica 
852 |a Slovenská národná knižnica 
958 |a article15 
958 |a RK 
958 |a CZ 
958 |a OND 
958 |a EUIPO 
992 |a RBX 
999 |c 2992838  |d 2994768